000 01133nam a22003377a 4500
001 BR0602438
003 BR-BrBNA
005 20230928102151.0
007 ta
008 230509b bl.||||| |||| 00| 0 por d
040 _aBR-BrBNA
_bpor
_cBiblioteca Nacional de Agricultura
041 _a(Por)
072 _aP10; T01
_b5300
_b4620
090 _ 5300 BR0602438
100 1 _aVilela, F.S.
110 1 _aUniversidade Federal de Minas Gerais, Belo Horizonte (Brasil). Escola de Veterinária
_0Tese (Mestre em Medicina Veterinária)
245 1 _aTratamento de águas residuárias de suinocultura em reatores anaeróbios de batelada: eficiência de fermentação e diversidade microbiana
260 3 _aBelo Horizonte, MG (Brasil):
_c2005.
300 _a69 p.
500 _aSummaries (Eng, Por); 34 ref.; 17 illus.; 8 tables
650 _aÁGUAS RESIDUAIS
650 _aTRATAMENTO DA ÁGUA
650 _aDIGESTÃO ANAERÓBIA
650 _aGÁS
650 _aBIOGAS
650 _aSUINOCULTURA
650 _aSANEAMENTO RURAL
650 _aCONSERVAÇÃO DA ÁGUA
909 _a202309
_bLucia
_c55
_dLucia Elande
942 _cBK
999 _c69461
_d69461